| 000 | 00925nam a2200301 a 4500 | ||
|---|---|---|---|
| 001 | 0152 | ||
| 003 | DO-SdBNP | ||
| 005 | 20180328103835.0 | ||
| 007 | 0152 | ||
| 008 | 100223s 2005 sp a 000 d spa d | ||
| 020 | _a8497646878 | ||
| 040 |
_aBPMSU _bspa _cBPMSU |
||
| 082 | 4 |
_a862.3 _bC146v |
|
| 100 | 1 |
_aCalderón de la Barca, Pedro, _d1600–1681. |
|
| 245 | 1 | 3 |
_aLa vida es sueño / _cPedro Calderón de la Barca. |
| 260 |
_aMadrid : _bEdimat, _c2005. |
||
| 300 |
_a170 p. ; _c23 cm. |
||
| 490 | 1 |
_aClásicos de la literatura _v |
|
| 504 | _a | ||
| 600 | 1 | 4 |
_aCALDERÓN DE LA BARCA, PEDRO, _d1600-1681 _xCRÍTICA E INTERPRETACIÓN |
| 650 | 4 | _aTEATRO ESPAÑOL | |
| 650 | 4 | _aLITERATURA ESPAÑOLA | |
| 830 | 0 |
_aClásicos de la literatura _v |
|
| 910 | _aValidado. Control de calidad MFF | ||
| 942 |
_2ddc _cBK |
||
| 945 | _aIvnentariado extranjero / 2017 VM | ||
| 956 |
_aVMATEO _b10 _c20160715 _lBMSU _h00069 |
||
| 999 |
_c10903 _d10903 |
||